Diseño de la red de alcantarillado sanitario Barrio Laureles Norte, Managua
Presenta un diseño del sistema de alcantarillado que se presenta en este trabajo, tiene como objetivo de ayudar a la comunidad del Barrio Laureles Norte (Managua), quienes no tienen alcantarillado sanitario y han tenido que optar a la construcción de sus propios sistemas o si no desechar sus agua...
| Main Authors: | , |
|---|---|
| Other Authors: | |
| Format: | Tesis Section = Libro |
| Language: | Undetermined Spanish |
| Published: |
Managua
UNI
2011
|
| Subjects: |
| LEADER | 01154nam a2200265Ia 4500 | ||
|---|---|---|---|
| 008 | 240830s9999 xx 000 0 und d | ||
| 040 | |a BIBLIOTECA-RUPAP Mon 628.2 S194 | ||
| 041 | |a spa | ||
| 082 | |a Mon 628.2 S194 | ||
| 100 | 1 | |a Sánchez Rojas, Mario Alexis | |
| 100 | 1 | |b Aguirre Vásquez, José Luis | |
| 245 | 1 | 0 | |a Diseño de la red de alcantarillado sanitario Barrio Laureles Norte, Managua |
| 260 | |a Managua |b UNI |c 2011 | ||
| 300 | |a 62 p. :il. | ||
| 500 | |a Contiene: anexos. | ||
| 502 | |a Tesis (Ingeniero Civil)- UNI, 2011. | ||
| 520 | 3 | |a Presenta un diseño del sistema de alcantarillado que se presenta en este trabajo, tiene como objetivo de ayudar a la comunidad del Barrio Laureles Norte (Managua), quienes no tienen alcantarillado sanitario y han tenido que optar a la construcción de sus propios sistemas o si no desechar sus aguas residuales directamente en las calles. | |
| 650 | 7 | |a INGENIERIA SANITARIA | |
| 650 | 7 | |b ALCANTARILLADO SANITARIO-DISEÑO | |
| 650 | 7 | |c INGENIERIA HIDRAULICA | |
| 650 | 7 | |d SANEAMIENTO | |
| 700 | 1 | |a Tutor: |b Baltodano Maldonado, José Ángel | |
| 942 | |c BK |2 ddc | ||
| 991 | |a TESIS | ||
| 999 | |c 16339 | ||